Statistics for All Countries That The Equator Passes Through

Click here to take the quiz!

General Stats

  • This quiz has been taken 38 times
  • The average score is 11 of 13

Answer Stats

Country% Correct
Brazil
97%
Indonesia
97%
Ecuador
94%
Colombia
92%
Democratic Republic Of The Congo
92%
Republic Of The Congo
89%
Kenya
86%
Gabon
81%
Somalia
78%
Uganda
78%
Kiribati
72%
Sao Tome & Principe
64%
Maldives
56%

Score Distribution

Percentile by Number Answered

Percent of People with Each Score

Your Score History

You have not taken this quiz